| Tag |
First Indicator |
Second Indicator |
Subfields |
| LEADER |
00000cam a2200000 a 4500 |
| 001 |
in00004489340 |
| 005 |
20191203081557.0 |
| 008 |
971209s1998 nyua b 001 0 eng c |
| 010 |
|
|
|a 97050456
|
| 020 |
|
|
|a 0471165727 (pbk. : alk. paper)
|
| 035 |
|
|
|a (OCoLC)38121184
|
| 035 |
|
|
|9 AAH4767MS
|
| 035 |
|
|
|z (UtOrBLW)25345
|
| 035 |
|
|
|a 39105
|
| 040 |
|
|
|a DNLM/DLC
|c DLC
|d NLM
|d C#P
|d UtOrBLW
|
| 049 |
|
|
|a TMVM
|c 1
|
| 050 |
0 |
0 |
|a QH442.6
|b .D63 1998
|
| 060 |
1 |
0 |
|a QW 51
|b D629 1998
|
| 069 |
0 |
|
|a 9800513
|
| 082 |
0 |
0 |
|a 571.9/648
|2 21
|
| 096 |
|
|
|a QW 51
|b D629 1998
|
| 245 |
0 |
0 |
|a DNA transfer to cultured cells /
|c edited by Katya Ravid, R. Ian Freshney.
|
| 264 |
|
1 |
|a New York :
|b Wiley-Liss,
|c [1998]
|
| 264 |
|
4 |
|c ©1998
|
| 300 |
|
|
|a xvi, 296 pages :
|b illustrations ;
|c 26 cm.
|
| 336 |
|
|
|a text
|2 rdacontent
|b txt
|
| 337 |
|
|
|a unmediated
|2 rdamedia
|
| 338 |
|
|
|a volume
|2 rdacarrier
|b nc
|
| 490 |
1 |
|
|a Culture of specialized cells
|
| 504 |
|
|
|a Includes bibliographical references and index.
|
| 505 |
0 |
|
|a Production and use of retroviruses / Geoffrey G. Hicks, Jin Chen, and H. Earl Ruley -- Baculovirus expression and the study of the regulation of the tumor suppressor protein p53 / Carol A. Midgley, Ashley L. Craig, Jeffery P. Hite, and Ted R. Hupp -- Electroporation of dna into cultured cell lines / Leah M. Cataldo, Zengyu Wang, and Katya Ravid -- Dna transfer to blastula-derived cultutes from zebrafish / Paul Collodi -- Transfection of rat adipose cells by electroporation / Michael J. Quon -- Calcium phosphate transfection / K. J. Conn ... [et. al.].
|
| 505 |
0 |
|
|a Optimization of calcium phosphate transfection for reporter gene analysis / John V. O'Mahoney and Timothy E. Adams -- Strontium phosphate transfection / Roger R. Reddel, Curtis C. Harris, and Douglas E. Brash -- In vitro tissue transfection by calcium phosphate / M.F. James ... [et. al.] -- Deae-dextran transfection / John J. Schwartz and Robert Rosenberg -- Cationic liposomes / Vadim V. Bichko -- Transfection of mammalian cells with yeast artificial chromosomes / William M. Strauss.
|
| 505 |
0 |
|
|a Mapping human senescence genes using microcell-mediated chromosome transfer / Robert F. Newbold and Andrew P. Cuthbert -- Methotrexate and dhfr amplification / Michael H. Ricketts.
|
| 650 |
|
2 |
|a Transfection.
|
| 650 |
|
2 |
|a Cells, Cultured.
|
| 650 |
|
2 |
|a DNA
|x genetics.
|
| 700 |
1 |
|
|a Ravid, Katya.
|
| 700 |
1 |
|
|a Freshney, R. Ian.
|
| 830 |
|
0 |
|a Culture of specialized cells.
|
| 999 |
|
|
|a MARS
|
| 999 |
f |
f |
|s 08585484-dcfd-309d-9095-53ac6a84a215
|i 0a06b775-accf-33de-be1c-dd9ef2f5cd3b
|t 0
|
| 952 |
f |
f |
|p ric
|a Texas A&M University
|b Rellis Campus
|c Joint Library Facility
|d Remote Storage
|t 0
|e QW 51 D629 1998
|h National Library of Medicine classification
|i unmediated -- volume
|m 3238901278156
|
| 998 |
f |
f |
|a QW 51 D629 1998
|t 0
|l Remote Storage
|